| 000 | 02445cam a22002655i 4500 | ||
|---|---|---|---|
| 999 |
_c62074 _d62074 |
||
| 001 | 23234025 | ||
| 005 | 20240703120057.0 | ||
| 008 | 230718s2023 cau 000 0 eng | ||
| 020 |
_a9781529723960X _q(hardcover) |
||
| 040 |
_aDLC _beng _erda _cDLC |
||
| 042 | _apcc | ||
| 080 | _a378 The-44 | ||
| 245 | 0 | 4 |
_aThe sage handbook of mixed methods research design / _c Edit. by. Cheryl N. Poth. |
| 263 | _a1111 | ||
| 264 | 1 |
_aLondon : _bSage, _c2023. |
|
| 300 |
_a559 p.: _bill; _c25 cm. |
||
| 520 |
_a"The Sage Handbook of Mixed-Methods Research Design is a ground-breaking edited work that weaves together diverse perspectives and global examples of mixed-methods research to present a timely picture of this rapidly evolving field. With contributions from over 80 of the biggest names and rising stars of the field, this Handbook is an essential resource for anyone interested in the contemporary, emerging, and evolving practice of mixed methods research and scholarship. Exploring new and novel applications of existing mixed methods research design practices, the handbook provides comprehensive integration guidance while showcasing how design innovations inspire and contribute to investigating previously under-researched social issues and populations. Through its unique focus on design and the diverse contexts in which mixed methods research is being applied, this Handbook prepares researchers for the changing conditions in which they will conduct studies. Newcomers and seasoned mixed methods researchers alike will find this Handbook a go-to source for tools to think and act 'complexively' and creatively in research design. Using accessible language and illustrative examples, this Handbook is written for those with various roles and experience in mixed methods research design"-- _cProvided by publisher. |
||
| 653 | _aThe SAGE Handbook of Mixed Methods Research Design provides a comprehensive overview of the existing typologies and future potential applications of this fast evolving field. With a unique focus on design, this handbook prepares researchers for the changing conditions in which they will conduct their studies | ||
| 653 | _aკვლევა | ||
| 653 | _aგანათლება | ||
| 700 | 1 |
_aPoth, Cheryl N., _eრედაქტორი _922682 |
|
| 906 |
_a0 _bibc _corignew _d2 _eepcn _f20 _gy-gencatlg |
||
| 942 |
_2udc _cBK |
||
| 955 |
_bxd04 2023-07-18 _axn11 2024-04-11 1 copy rec'd., to USASH |
||